West Highland white terrier : an owner's guide (Record no. 405378)

MARC details
000 -LEADER
fixed length control field 00284nam a2200097Ia 4500
082 ## - DEWEY DECIMAL CLASSIFICATION NUMBER
Classification number 636.755 KILL
008 - FIXED-LENGTH DATA ELEMENTS--GENERAL INFORMATION
fixed length control field 210817s9999 xx 000 0 und d
100 ## - MAIN ENTRY--PERSONAL NAME
Personal name KILLICK, Robert London, 2003
9 (RLIN) 96471
245 #0 - TITLE STATEMENT
Title West Highland white terrier : an owner's guide
942 ## - ADDED ENTRY ELEMENTS
item type Books

No items available.